Ciências (Record no. 141359)

MARC details
000 -LÍDER
campo de controle de tamanho fixo 01325 a2200181 4500
001 - NÚMERO DE CONTROLE
campo de controle 141359
040 ## - FONTE DA CATALOGAÇÃO
Instituição que transcreveu o registro Leonardo Da Vinci
041 ## - CÓDIGO DE IDIOMA
Código do idioma do texto/trilha sonora ou título diferente Português
082 ## - CDD - CLASSIFICAÇÃO DECIMAL DE DEWEY
Número de Classificação 372.35 G744c
Número do exemplar G744c
100 ## - ENTRADA PRINCIPAL--NOME PESSOAL
Nome pessoal GOWDAK, Demétrio
245 ## - TÍTULO
Título Ciências
Restante do título ambiente, recursos do ambiente, saúde; 5ª série
260 ## - PUBLICAÇÃO, DISTRIBUIÇÃO, ETC.
Nome do editor, distribuidor, etc. FTD
Data da publicação, distribuição, etc. 1986
Local de publicação, distribuição, etc. São Paulo
300 ## - DESCRIÇÃO FÍSICA
Extensão 216
362 ## - DATAS DE PUBLICAÇÃO E/OU DESIGNAÇÃO SEQUENCIAL
Datas de publicação e/ou designação sequencial 19860000
500 ## - NOTA GERAL
Nota geral Suplementado por livro do professor
697 ## - ENTRADA DE ASSUNTO LOCAL--ENTIDADE COLETIVA (RLIN)
Nome corporativo ou nome da jurisdição Ciências
-- Ecologia
-- Educação sanitária
-- Ar
-- Pressão atmosférica
-- Experiência de Torricelli
-- Barômetro
-- Instrumentos de medida
-- Higrômetro
-- Pluviomêtro
-- Anemômetro
-- Biruta
-- Termômetro
-- Camadas da atmosfera
-- Troposfera
-- Estratosfera
-- Mesosfera
-- Termosfera
-- Gases do ar
-- Ar
-- Água
-- Ferro
-- Vinho
-- Gases
-- Estado físico da água
-- Chuva
-- Tratamento da água
-- Propriedade da água
-- Fonte de energia
-- Solo
-- Camadas da terra
-- Crosta terrestre
-- Manto
-- Núcleo central
-- Grau geotérmico
-- Rochas
-- Solo
-- Meio ambiente
-- Ambiente natural
-- Minérios
-- Fósseis
-- Poluição da água
-- Poluição do ar
-- Monóxido de carbono
-- Dióxido de enxofre
-- Poluentes
-- Saúde
-- Higiene física
-- Higiene mental
-- Higiene social
-- Pele
-- Olhos
-- Órgãos
-- Ouvido
-- Nariz
-- Dente
-- Couro cabeludo
-- Músculo
-- Micróbios
-- Vírus
-- Bactérias
-- Protozoários
-- Fungos
-- Vacinas
-- Ensino Fundamental 2. ciclo
942 ## - ELEMENTOS DE ENTRADA ADICIONADOS (KOHA)
Tipo de material Koha Livros
Holdings
Situação do descarte Situação das perdas Situação física Não pode ser emprestado Biblioteca de origem Biblioteca atual Data de aquisição Total de empréstimos Número de chamada completo Código de barras Data de último acesso Data do preço efetivo Tipo de material Koha
        Leonardo Da Vinci - Osasco Leonardo Da Vinci - Osasco 27/03/2024   372.35 G744c O004890 27/03/2024 27/03/2024 Livros